| LEADER 00000nama 2200000uu 4500 |
| 001 200121 |
| 003 ULIBM |
| 008 040531s|||| th m m a000 0 tha d |
| 020 974-610-656-5 |
| 041 tha |
| 050 WS 105 ม246พ ล.2 2552. |
| 100 มหาวิทยาลัยสุโขทัยธรรมาธิราช. สาขาวิชาคหกรรมศาสตร์. |
| 245 เอกสารการสอนชุดวิชา พัฒนาการเด็กและการเลี้ยงดู = Child Care and Development หน่วยที่ 8 - 15 / มหาวิทยาลัยสุโขทัยธรรมาธิราช. สาขาวิชาคหกรรมศาสตร์. |
| 250 29 |
| 260 นนทบุรี. สาขาวิชาคหกรรมศาสตร์. มหาวิทยาลัยสุโขทัยธรรมาธิราช. 2552. |
| 300 956 หน้า. |
| 500 เอกสารการสอนชุดวิชา 70301 หน่วยที่ 8 - 15 |
| 650 1.เด็ก - - จิตวิทยา 2.เด็ก - - การบริบาลและสุขภาพ. |
| 995 001 |